000 00572nam a2200229Ia 4500
003 OSt
005 20221007115732.0
006 a|||||r|||| 00| 0
007 ta
008 221006b |||||||| |||| 00| 0 eng d
024 _a38,006
037 _cTextual
040 _aLCO
_cLCO
_beng
041 _2eng
_aeng
082 _aY15:4:6, Q9
100 _aGARG Swati Jindal
_9709816
245 0 _aSexual harassment of Women at Work Place
260 _c2019
300 _a260
942 _hY15:4:6, Q9
_cTEXL
999 _c1207569
_d1207569